000 00615nam a22002057a 4500
005 20130422145756.0
008 130422b xxu||||| |||| 00| 0 eng d
010 _aENG-106902
020 _a9789350519431
_c275.00
035 _aEN-90435
037 _bDBAD/PUB
040 _aDPL
_bEng
082 _a658
100 _aRao, V.S.P.
245 _aBusiness organisation and management /
_cby V.S.P. Rao
260 _aMumbai
_bHimalaya Publishing House
_c2012
270 _aRamdoot, Dr. Bhalerao Marg, Girgaon
_bMumbai
_e400004
300 _a590p. :
_c24cm(pbk)
_bill.
942 _2ddc
_cEN
_h658
_mRAO
999 _c74787
_d74787